000 00435nam a2200157Ia 4500
008 090124s9999 xx 000 0 und d
082 _b134570
245 _a शांतारामा
250 _a1
260 _bव्हि.शांताराम
_c2007
300 _a536
630 _a शांतारामा
700 _aजसराज मधुरा
730 _a शांतारामा
942 _cBOOK
999 _c188591
_d188591